000 01884nam1a2200277 i 4500
001 RU\NLR\BIBL_A\010666186
005 20260408060839.0
035 _a(NLR Aleph) 010666186
090 _a9586327
_c9586327
100 _a20141212d2014 y0rusy50 ca
101 0 _arus
102 _aRU
105 _aa z 000yy
200 1 _aМетодическая и научно-практическая работа специалистов учреждений социальной защиты по оказанию помощи нуждающимся семьям и детям в Республике Татарстан
_eсборник методических, научно-практических материалов и тезисов выступлений
_fМ-во труда, занятости и социал. защиты Респ. Татарстан, Гос. авт. учреждение социал. обслуживания Респ. информ.-метод. Центр социал. помощи семье и детям "Гаилэ"
_g[сост.: Т.Б. Журавлева и др.]
210 _aКазань
_cОтечество
_d2014
215 _d21
606 _aСоциальная работа с семьей
_jСборники
_92198958
_3RU\NLR\AUTH\661321480
606 1 _aСоциальная защита
_jСборники
_yТатарстан, Республика
_92429363
_3RU\NLR\AUTH\661446118
686 1 _aС550.537я43
686 1 _aУ27(2)2(2Р-6Т)я43
702 1 _4220
_8rus
_7ca
_aЖуравлева
_bТ. Б.
_cканд. пед. наук
_gТатьяна Борисовна
_3RU\NLR\AUTH\7731254
_914264
712 0 2 _4570
_a"ГАИЛЭ", центр социальной помощи семье и детям
_cКазань
_3RU\NLR\AUTH\8810205003
_9297806
852 _aNLR
_j2014-3/35524
942 _cBOOK